Modern movements in Islam / (Record no. 15792)
[ view plain ]
| 000 -LEADER | |
|---|---|
| fixed length control field | 00823cam a22002891 4500 |
| 001 - CONTROL NUMBER | |
| control field | 15792 |
| 003 - CONTROL NUMBER IDENTIFIER | |
| rucl marc code | BD-RjUL |
| 005 - DATE AND TIME OF LATEST TRANSACTION | |
| control field | 20211208235904.0 |
| 008 - FIXED-LENGTH DATA ELEMENTS--GENERAL INFORMATION | |
| fixed length control field | 140210s1932 ii 000 0 eng d |
| 035 ## - SYSTEM CONTROL NUMBER | |
| System control number | (BD-RjUL)15847 |
| System control number | (OCoLC)4921066 |
| 040 ## - CATALOGING SOURCE | |
| Original cataloging agency | DLC |
| Transcribing agency | OCl |
| Modifying agency | BD-RjUL |
| Language of cataloging | eng |
| 041 ## - LANGUAGE CODE | |
| Language code of text/sound track or separate title | eng |
| 082 ## - DEWEY DECIMAL CLASSIFICATION NUMBER | |
| Classification number | 297 |
| Author mark and year | GEM 1932 |
| 100 1# - MAIN ENTRY--PERSONAL NAME | |
| Personal name | Germanus, Julius |
| 9 (RLIN) | 48982 |
| 245 10 - TITLE STATEMENT | |
| Title | Modern movements in Islam / |
| Statement of responsibility, etc. | by Julius Germanus. |
| 260 ## - PUBLICATION, DISTRIBUTION, ETC. (IMPRINT) | |
| Place of publication, distribution, etc. | Calcutta : |
| Name of publisher, distributor, etc. | Visva-bharati book-shop [Pub. by K. Santra, |
| Date of publication, distribution, etc. | 1932 |
| 300 ## - PHYSICAL DESCRIPTION | |
| Pagination | 78 p. : |
| Size | 25 cm. |
| 505 0# - FORMATTED CONTENTS NOTE | |
| Formatted contents note | Arabia.--Turkey.--Persia. |
| 650 #0 - SUBJECT ADDED ENTRY--TOPICAL TERM | |
| Topical term or geographic name as entry element | Islam |
| General subdivision | History. |
| 9 (RLIN) | 5258 |
| Topical term or geographic name as entry element | Wahhābīyah. |
| 9 (RLIN) | 48984 |
| Topical term or geographic name as entry element | Bahais. |
| 9 (RLIN) | 5418 |
| 942 ## - ADDED ENTRY ELEMENTS (KOHA) | |
| Source of classification or shelving scheme | Dewey Decimal Classification |
| Koha item type | Books |
| Lost status | Source of classification or shelving scheme | Damaged status | Not for loan | Collection code | Permanent Location | Current Location | Shelving location | Date acquired | Source of acquisition | Cost, normal purchase price | Total Checkouts | Full call number | Date last seen | Copy number | Koha item type |
|---|---|---|---|---|---|---|---|---|---|---|---|---|---|---|---|
| Dewey Decimal Classification | Not For Loan | Non-fiction | Central Library, University of Rajshahi | Central Library, University of Rajshahi | Reading Room | 28/11/1955 | Waris book centre | 4.00 | 297 GEM 1932 | 10/02/2014 | C-1 | Books |